| 000 | 01082cam a2200241 4500500 | ||
|---|---|---|---|
| 005 | 20260201094946.0 | ||
| 041 | _afre | ||
| 042 | _adc | ||
| 100 | 1 | 0 |
_aPoujoulet, Marie-Claude _eauthor |
| 245 | 0 | 0 | _aAide médico-psychologique : des catalyseurs de l'invisible |
| 260 | _c2008. | ||
| 500 | _a85 | ||
| 520 | _aRésuméLe métier d’ amp est méconnu. La réforme du diplôme se profile comme une chance de reconnaissance à condition que les compétences professionnelles désormais repérées, concourent à mettre en œuvre le principe d’humanité servant à perpétuer ou à restaurer en l’autre sa part singulière d’appartenance à l’humain. | ||
| 690 | _acatalyseur de l'invisible | ||
| 690 | _acompétences professionnelles | ||
| 690 | _adignité | ||
| 690 | _aprincipes d'humanité | ||
| 690 | _aréforme du diplôme | ||
| 690 | _asentinelle de la souffrance | ||
| 690 | _asigle amp | ||
| 786 | 0 | _nEmpan | 70 | 2 | 2008-08-19 | p. 15-18 | 1152-3336 | |
| 856 | 4 | 1 | _uhttps://shs.cairn.info/revue-empan-2008-2-page-15?lang=fr&redirect-ssocas=7080 |
| 999 |
_c1640803 _d1640803 |
||